Ossian, ou les bardes (Record no. 170264)
[ view plain ]
| 000 -LEADER | |
|---|---|
| campo de control de longitud fija | 01006nam a22002055i 4500 |
| 001 - NÚMERO DE CONTROL | |
| campo de control | 170264 |
| 003 - IDENTIFICADOR DE NÚMERO DE CONTROL | |
| campo de control | ES-MaACL |
| 005 - FECHA Y HORA DE LA ÚLTIMA TRANSACCIÓN | |
| campo de control | 20230906214332.0 |
| 008 - DATOS DE LONGITUD FIJA--INFORMACIÓN GENERAL | |
| campo de control de longitud fija | 090218s1805 fr |||| | fre d |
| 080 ## - NÚMERO DE LA CLASIFICACIÓN DECIMAL UNIVERSAL | |
| Número de la Clasificación Decimal Universal | 782.1 |
| 100 1# - ENTRADA PRINCIPAL--NOMBRE DE PERSONA | |
| Nombre de persona | Deschamps, Jacques-Marie. |
| 9 (RLIN) | 139468 |
| 245 10 - MENCIÓN DEL TÍTULO | |
| Título | Ossian, ou les bardes |
| Resto del título | : opéra en cinq actes : représenté pour la première fois sur le théâtre de l'Académie impériale de musique, le 21 messidor an 12 / |
| Mención de responsabilidad, etc. | [le poème est de M.***] ; [la musique est de M. Lesueur] / [les ballets sont de M. Gardel, à l'exception du dernier, qui est de la composition de M. Milon. |
| 250 ## - MENCION DE EDICION | |
| Mención de edición | Nouvelle édition, avec changemens. |
| 260 ## - PUBLICACIÓN, DISTRIBUCIÓN, ETC. | |
| Lugar de publicación, distribución, etc. | Paris : |
| Nombre del editor, distribuidor, etc. | [s.n.], |
| Fecha de publicación, distribución, etc. | 1805 ( |
| Fabricante | Imp. Ballard) |
| 300 ## - DESCRIPCIÓN FÍSICA | |
| Extensión | 64 p. ; |
| Dimensiones | 20 cm. |
| 500 ## - NOTA GENERAL | |
| Nota general | Sin la música anunciada en la mención de responsabilidad tomada del verso de la portada. |
| 650 14 - PUNTO DE ACCESO ADICIONAL DE MATERIA--TÉRMINO DE MATERIA | |
| Término de materia o nombre geográfico como elemento de entrada | Óperas- |
| Subdivisión de forma | Libretos. |
| 9 (RLIN) | 137584 |
| 700 1# - ENTRADA AGREGADA--NOMBRE PERSONAL | |
| Nombre de persona | Dercy, P. |
| 9 (RLIN) | 139469 |
| 852 ## - LOCALIZACIÓN | |
| Ubicación | ES-MaACL |
| Número de control de estantería | 2248-F-3 |
| itemnumber | R.140960 |
| Nota libre | .- Biblioteca Jacinto Martínez Lacalle |
| Estatus retirado | Estado de pérdida | Estado de daño | No para préstamo | Colección | Biblioteca de origen | Biblioteca actual | Ubicación en estantería | Fecha de adquisición | Fuente de adquisición | Total de préstamos | Signatura topográfica completa | Código de barras | Visto por última vez | Precio de reemplazo | Tipo de ítem Koha |
|---|---|---|---|---|---|---|---|---|---|---|---|---|---|---|---|
| Colección de folletos | Biblioteca del Ateneo de Madrid | Biblioteca del Ateneo de Madrid | Depósito folletos | 18/02/2009 | 2248-F-3 | 1178750 | 23/02/2023 | 23/02/2023 | Folleto |
